000
00328nam a22001457a 4500
003
SGT
082
_a
617.3
_b
O92A
100
_a
ADAMS, JOHN CARWFORD
245
_a
OUTLINE OF ORTHOPAEDICS
250
_a
11TH
260
_a
LONDON U.K.
_b
CHURCHILL LIVINGSTONE
_c
1992
300
_a
433
650
_a
ORTHOPEDICS
942
_2
ddc
_c
BK
999
_c
21396
_d
21396